000 00535nam a22001817a 4500
999 _c174605
_d174605
005 20210315151019.0
010 _aENG-128235
020 _c399.00
_a9789386473844
035 _aEN-111767
037 _bDBAD/PUB
082 _a618.24
100 _aBhat,Sujata
245 _aYour poket planner for Pregnancy/
_cby Sujata Bhat
260 _aNew Delhi
_bVitasta
_c2020
270 _aRenu kaul Verma 2/15, Ansari Road,Daryaganj
_bNew Delhi
_e110002
300 _axi;179p.
_c22cm(pbk)
942 _2ddc
_cEN
_h618.24
_mBHA